000 00475nam a2200157 i 4500
001 68107
003 ES-MaACL
005 20230906170215.0
007 t|
008 040610s1954 sp ||||1| spa d
100 1 _aGaona, José María.
_953896
245 1 0 _a¡Vista al ruedo!
_b: se garantiza la amenidad /
_cJosé María Gaona.
260 _aMadrid :
_bLibr. Beltrán,
_c1954 (
_fSèz)
300 _a200 p., 4 lám. :
_bil. ;
_c19 cm.
852 _aES-MaACL
_jC-6475
_bR.35804
999 _c68107
_d68107